| 000 | 00987nam a2200241Ia 4500 | ||
|---|---|---|---|
| 003 | GCL | ||
| 008 | 140319s9999 xx 000 0 ara d | ||
| 020 | _a9061829953 | ||
| 040 |
_aGCL / _cGCL |
||
| 082 | 0 | 4 |
_a332.6 _bد ا |
| 100 | 1 | _aدريد محمود السامرائى | |
| 245 | 1 | 0 |
_aالاستثمار الاجنبى : _bالمعوقات والضمانات القانونية / _cدريد محمود السامرائى |
| 250 | _aالاولى | ||
| 260 |
_aبيروت : _bمركز دراسات الوحدة العربية ، _c2006 |
||
| 300 |
_a384 ص ؛ _c24 سم |
||
| 650 | 0 | 4 | _aالعلاقات الاقتصادية الدولية |
| 650 | 0 | 4 | _aالاستثمارات الخارجية |
| 650 | 0 | 4 | _aالاتفاقيات التجارية |
| 650 | 0 | 4 | _aالاستثمارات الاجنبية |
| 650 | 0 | 4 | _aالاستثمارات الاجنبية - معوقات |
| 650 | 0 | 4 | _aالاستثمارات الاجنبية - قوانين وتشريعات |
| 942 |
_2ddc _cBK |
||
| 999 |
_c8920 _d8920 |
||